大口一吞,然後呢? (Record no. 6076)
[ view plain ]
| 000 -記錄標示 | |
|---|---|
| fixed length control field | 00310nam a2200121Ia 4500 |
| 008 - 定長欄資料代碼 | |
| fixed length control field | 180222s9999||||xx |||||||||||||| ||und|| |
| 020 ## - 國際標準書號 | |
| 價格與相關資訊 | NT |
| -- | 50 |
| 國際標準書號 | 978-986-320-541-8 |
| 100 ## - 主要款目--主要著者 | |
| 個人姓名 | 黃靜雅 |
| 245 #0 - 題名及著者敘述項 | |
| 著者敍述 | 黃靜雅 |
| 正題名 | 大口一吞,然後呢? |
| 250 ## - 版本項 | |
| 版本敍述 | 一版 |
| 260 ## - 出版項 | |
| 出版年 | 2014.08 |
| 出版地 | 台北市 |
| 300 ## - 稽核項 | |
| 高廣尺寸 | cm. |
| 數量(面數, 冊數或其他) | p. |
| 942 ## - 附加款目元素 (KOHA) | |
| 分類法來源 | 中文圖書分類法 |
| Koha 館藏類型 | 一般圖書 |
| 撤銷狀態 | 遺失狀態 | 分類號來源 | 損壞狀態 | 不外借 | 永久館藏地 | 現在館藏地 | 採購日期 | 全部借出 | 全部續借 | 完整索書號 | 條碼號 | 最後一次日期記錄 | Date last checked out | 一般價格有效日期 | Koha館藏類型 |
|---|---|---|---|---|---|---|---|---|---|---|---|---|---|---|---|
| 未註銷館藏 | 未遺失 | 中文圖書分類法 | 未損毀 | 可外借 | 怡仁綜合醫院圖書館 | 怡仁綜合醫院圖書館 | 2016-11-28 | 5 | 2 | 398.5 | C02310 | 2023-10-23 | 2023-10-16 | 2018-02-22 | 一般圖書 |